[Event "Millionaire Chess Op 2016"]
[Site "Atlantic City USA"]
[Date "2016.10.06"]
[Round "2.12"]
[White "Katz, Alexander R"]
[Black "Bruzon Batista, Lazaro"]
[Result "0-1"]
[WhiteTitle "IM"]
[BlackTitle "GM"]
[WhiteElo "2369"]
[BlackElo "2615"]
[WhiteFideId "2039796"]
[BlackFideId "3503739"]
[EventDate "2016.10.06"]

1. e4 e5 2. Nf3 Nc6 3. Bb5 a6 4. Ba4 Nf6 5. O-O Be7 6. Re1 b5 7. Bb3 d6 8. c3
O-O 9. h3 Nb8 10. d4 Nbd7 11. Nbd2 Bb7 12. Bc2 Re8 13. Nf1 Bf8 14. Ng3 g6 15. a4
c5 16. d5 c4 17. Bg5 Nc5 18. Qd2 Be7 19. Ra3 Nfd7 20. Bxe7 Qxe7 21. Rea1 Nb6 22.
axb5 axb5 23. Ra5 Rxa5 24. Rxa5 Ba6 25. Qh6 Qf8 26. Qxf8+ Kxf8 27. Nd2 Ra8 28.
Ra2 Ke7 29. Ngf1 Bc8 30. Rxa8 Nxa8 31. Ne3 Nb6 32. f3 Nba4 33. Nd1 f5 34. b3
cxb3 35. Nxb3 Kf6 36. Kf2 Bd7 37. g4 h5 38. Kg3 hxg4 39. hxg4 fxg4 40. fxg4 Kg5
41. Nc1 Bxg4 42. Ne3 Bh5 43. c4 b4 44. Bxa4 Nxa4 45. Nc2 Nc5 46. Nxb4 Nxe4+ 47.
Kh2 Kf6 48. Nc2 Nc5 49. Kg3 e4 50. Nd4 Nd3 51. Na2 e3 52. Nc3 g5 53. Nf3 Bg6 54.
Nd4 Ne5 55. c5 dxc5 56. Ne6 c4 57. Nd4 Ke7 58. Nf3 e2 59. Nxe2 Nxf3 60. Kg4 Kf6 0-1

[Event "Millionaire Chess Op 2016"]
[Site "Atlantic City USA"]
[Date "2016.10.07"]
[Round "3.1"]
[White "Iturrizaga Bonelli, Eduardo"]
[Black "Shabalov, Alexander"]
[Result "1/2-1/2"]
[WhiteTitle "GM"]
[BlackTitle "GM"]
[WhiteElo "2658"]
[BlackElo "2550"]
[WhiteFideId "3901211"]
[BlackFideId "2008572"]
[EventDate "2016.10.06"]

1. Nf3 Nf6 2. g3 b6 3. Bg2 Bb7 4. O-O e6 5. c4 c5 6. b3 Be7 7. Bb2 O-O 8. e3 a6
9. Nc3 Ra7 10. Qe2 d6 11. d4 Nbd7 12. e4 cxd4 13. Nxd4 Re8 14. Rfd1 Bf8 15. Rac1
Qb8 16. f4 g6 17. Nf3 b5 18. cxb5 axb5 19. b4 Nb6 20. Nd4 e5 21. Ndxb5 Ba6 22.
fxe5 Rxe5 23. Qf3 Nc4 24. Qxf6 Nxb2 25. Nxa7 Nxd1 26. Rxd1 Qxa7+ 27. Qf2 Qb7 28.
a3 Bc4 29. Nd5 Bxd5 30. Rxd5 Rxd5 31. exd5 Bg7 32. Qe3 Be5 33. Bf3 Qc7 34. Kg2
Qc2+ 35. Be2 Qa2 36. Qd3 Bb2 37. b5 Qxa3 38. Qxa3 Bxa3 39. b6 Bc5 40. b7 Ba7 41.
Kf3 Kf8 42. g4 h6 43. h4 1/2-1/2

[Event "Millionaire Chess Op 2016"]
[Site "Atlantic City USA"]
[Date "2016.10.07"]
[Round "3.2"]
[White "Holt, Conrad"]
[Black "Xiong, Jeffery"]
[Result "1/2-1/2"]
[WhiteTitle "GM"]
[BlackTitle "GM"]
[WhiteElo "2549"]
[BlackElo "2647"]
[WhiteFideId "2034387"]
[BlackFideId "2047640"]
[EventDate "2016.10.06"]

1. d4 Nf6 2. c4 g6 3. Nc3 d5 4. Nf3 Bg7 5. Qb3 dxc4 6. Qxc4 O-O 7. e4 a6 8. e5
b5 9. Qb3 Nfd7 10. Ng5 Nb6 11. Be3 Nc6 12. Rd1 Na5 13. Qb4 Nbc4 14. Be2 Bb7 15.
O-O c5 16. dxc5 Qc8 17. e6 f6 18. Nf3 Nc6 19. Qb3 N6a5 20. Qb4 Nc6 21. Qb3 N6a5
22. Qb4 Nc6 23. Qb3 1/2-1/2

[Event "Millionaire Chess Op 2016"]
[Site "Atlantic City USA"]
[Date "2016.10.07"]
[Round "3.3"]
[White "Barbosa, Oliver"]
[Black "Shimanov, Aleksandr"]
[Result "0-1"]
[WhiteTitle "GM"]
[BlackTitle "GM"]
[WhiteElo "2515"]
[BlackElo "2639"]
[WhiteFideId "5201640"]
[BlackFideId "4198603"]
[EventDate "2016.10.06"]

1. d4 d5 2. c4 c6 3. Nf3 Nf6 4. e3 Bf5 5. Nc3 e6 6. Nh4 Be4 7. f3 Bg6 8. Qb3 Qc7
9. Bd2 Be7 10. g3 Bh5 11. Be2 dxc4 12. Qxc4 a6 13. a4 b5 14. Qb3 b4 15. Nd1 O-O
16. Rc1 Qb6 17. Ng2 c5 18. g4 Bg6 19. a5 Qb7 20. dxc5 Nc6 21. h4 Rfd8 22. Nf2
Qd7 23. Rd1 Bxc5 24. Qa4 h5 25. Nf4 hxg4 26. Nxg6 gxf3 27. Bc1 Nd5 28. Bxf3 fxg6
29. Qc2 Ba7 30. Qxg6 Ne5 31. Qe4 Nxf3+ 32. Qxf3 Rf8 33. Qe4 Rac8 34. Nh3 Qf7 35.
Ke2 Qh5+ 36. Ke1 Rf6 37. Ng5 b3 38. Bd2 Rcf8 39. Qg2 Bxe3 40. Bc3 Rf2 0-1

[Event "Millionaire Chess Op 2016"]
[Site "Atlantic City USA"]
[Date "2016.10.07"]
[Round "3.4"]
[White "Cordova, Emilio"]
[Black "Paragua, Mark"]
[Result "1-0"]
[WhiteTitle "GM"]
[BlackTitle "GM"]
[WhiteElo "2637"]
[BlackElo "2503"]
[WhiteFideId "3801497"]
[BlackFideId "5201241"]
[EventDate "2016.10.06"]

1. Nf3 d5 2. g3 Nf6 3. Bg2 e6 4. O-O Be7 5. c4 O-O 6. b3 c5 7. e3 Nc6 8. Bb2 d4
9. exd4 cxd4 10. Re1 Qb6 11. Na3 Nd7 12. Nc2 e5 13. d3 a5 14. Rb1 Bb4 15. Re2
Rd8 16. a3 Bc3 17. Bxc3 dxc3 18. Qe1 Nf8 19. Qxc3 Bf5 20. Rd2 Ne6 21. Ne3 Bg6
22. Nd5 Qc5 23. Nxe5 Nxe5 24. Qxe5 Qxa3 25. Ra1 Qxb3 26. Bf1 Re8 27. Rb2 Nc5 28.
Rxa5 Nxd3 1-0

[Event "Millionaire Chess Op 2016"]
[Site "Atlantic City USA"]
[Date "2016.10.07"]
[Round "3.5"]
[White "Chandra, Akshat"]
[Black "Swiercz, Dariusz"]
[Result "1/2-1/2"]
[WhiteTitle "IM"]
[BlackTitle "GM"]
[WhiteElo "2490"]
[BlackElo "2636"]
[WhiteFideId "25006711"]
[BlackFideId "1126881"]
[EventDate "2016.10.06"]

1. e4 c5 2. Nf3 d6 3. d4 cxd4 4. Nxd4 Nf6 5. Nc3 a6 6. h3 e5 7. Nde2 h5 8. Nd5
Nxd5 9. Qxd5 Nc6 10. Qd1 Be6 11. Nc3 Be7 12. Nd5 Rc8 13. c3 Bg5 14. h4 Bxc1 15.
Rxc1 Ne7 16. Nxe7 Qxe7 17. g3 g6 18. Be2 O-O 19. O-O Rc6 20. a3 Rd8 21. Bf3 b5
22. Re1 Qf6 23. Bg2 Kg7 24. Qe2 Bb3 25. Qe3 Rcc8 26. Re2 a5 27. Rce1 Qe7 28. Rd2
Qc7 29. Bf3 Qc5 30. Bd1 Be6 31. Bf3 Rb8 32. Qxc5 dxc5 33. Rxd8 Rxd8 34. Rd1 Rb8
35. Rd6 b4 36. axb4 axb4 37. Rc6 bxc3 38. bxc3 c4 39. Be2 Rb3 40. Bxc4 Rxc3 41.
Bd5 Rxc6 42. Bxc6 1/2-1/2

[Event "Millionaire Chess Op 2016"]
[Site "Atlantic City USA"]
[Date "2016.10.07"]
[Round "3.6"]
[White "Liang, Awonder"]
[Black "Akobian, Varuzhan"]
[Result "1/2-1/2"]
[WhiteTitle "IM"]
[BlackTitle "GM"]
[WhiteElo "2478"]
[BlackElo "2625"]
[WhiteFideId "2056437"]
[BlackFideId "13300580"]
[EventDate "2016.10.06"]

1. e4 e6 2. d4 d5 3. exd5 exd5 4. Nf3 Nf6 5. Bd3 Bd6 6. O-O O-O 7. Bg5 Bg4 8. c3
Nbd7 9. Nbd2 c6 10. Qc2 Qc7 11. Rae1 Rfe8 12. Bh4 Bh5 13. Bg3 Bg6 14. Bxg6 hxg6
15. Bxd6 Qxd6 16. Qd3 Qf4 17. g3 Qf5 18. Qxf5 gxf5 19. Rxe8+ Rxe8 20. Re1 Ne4
21. Nb3 b6 22. Nc1 Kf8 23. Nd3 f6 24. Nh4 Nd6 25. Kf1 a5 26. Rxe8+ Kxe8 27. Ke2
Kf7 28. Ng2 g6 29. h4 Nf8 30. Ngf4 Ne6 31. Nxe6 Kxe6 32. f3 g5 33. hxg5 1/2-1/2

[Event "Millionaire Chess Op 2016"]
[Site "Atlantic City USA"]
[Date "2016.10.07"]
[Round "3.7"]
[White "Bruzon Batista, Lazaro"]
[Black "Rozman, Levy"]
[Result "1-0"]
[WhiteTitle "GM"]
[BlackTitle "FM"]
[WhiteElo "2615"]
[BlackElo "2354"]
[WhiteFideId "3503739"]
[BlackFideId "2039877"]
[EventDate "2016.10.06"]

1. c4 f5 2. g3 Nf6 3. Bg2 g6 4. Nc3 Bg7 5. e3 O-O 6. Nge2 d6 7. O-O e5 8. b3 g5
9. f4 gxf4 10. exf4 e4 11. d3 d5 12. Ba3 Re8 13. dxe4 dxe4 14. Qxd8 Rxd8 15.
Rad1 Re8 16. Bh3 c6 17. Nd4 Ng4 18. Bxg4 fxg4 19. Rfe1 e3 20. Bc1 Na6 21. Bxe3
Nc5 22. Bf2 Bd7 23. Nde2 Bxc3 24. Nxc3 Rxe1+ 25. Rxe1 Ne6 26. Ne4 Kg7 27. f5 Nf8
28. Nd6 1-0

[Event "Millionaire Chess Op 2016"]
[Site "Atlantic City USA"]
[Date "2016.10.07"]
[Round "3.8"]
[White "Lederer, Yoav"]
[Black "Sevian, Samuel"]
[Result "0-1"]
[BlackTitle "GM"]
[WhiteElo "2324"]
[BlackElo "2591"]
[WhiteFideId "2800292"]
[BlackFideId "2040506"]
[EventDate "2016.10.06"]

1. Nf3 d5 2. g3 g6 3. Bg2 Bg7 4. d4 Nf6 5. O-O O-O 6. c3 b6 7. Nbd2 Bb7 8. a4 a5
9. Ne5 Nbd7 10. Ndf3 Ne4 11. Bf4 c5 12. Nxd7 Qxd7 13. Qb3 Qe6 14. Rad1 Rac8 15.
Be5 Bh6 16. Bf4 Bxf4 17. gxf4 cxd4 18. Rxd4 Rc4 19. Qd1 Nd6 20. Ne5 Rxd4 21.
cxd4 Rc8 22. e3 Nc4 23. Nd3 Ba6 24. Re1 Qf5 25. Bf1 Nd6 26. f3 Kg7 27. Qd2 Rc7
28. Rc1 Rxc1 29. Nxc1 Bxf1 30. Kxf1 Nc4 31. Qd3 Qh3+ 0-1

[Event "Millionaire Chess Op 2016"]
[Site "Atlantic City USA"]
[Date "2016.10.07"]
[Round "3.9"]
[White "Fishbein, Alexander"]
[Black "Adhiban, Baskaran"]
[Result "0-1"]
[WhiteTitle "GM"]
[BlackTitle "GM"]
[WhiteElo "2474"]
[BlackElo "2689"]
[WhiteFideId "2000377"]
[BlackFideId "5018471"]
[EventDate "2016.10.06"]

1. Nf3 d5 2. g3 g6 3. Bg2 Bg7 4. O-O Nf6 5. d3 O-O 6. Nbd2 a5 7. a4 Nc6 8. d4
Re8 9. c3 e5 10. dxe5 Nxe5 11. Nxe5 Rxe5 12. e4 Bg4 13. f3 Bc8 14. f4 Re8 15. e5
Nd7 16. c4 dxc4 17. Nxc4 Nc5 18. Be3 Bf8 19. Nxa5 Rxa5 20. b4 Rxa4 21. bxc5 Rxa1
22. Qxa1 Qd3 23. Bf2 Rd8 24. c6 bxc6 25. Qa7 Be6 26. Qxc7 c5 27. Re1 Rc8 28. Qa5
c4 29. Be4 Qd7 30. Qa7 Qd2 31. Qe3 c3 32. Rc1 Bc5 33. Qxd2 cxd2 34. Rd1 Bb4 35.
Be3 Rd8 36. Kf2 Bb3 37. Bf3 Bc3 38. Ke2 Bxd1+ 39. Kxd1 Rd3 0-1

[Event "Millionaire Chess Op 2016"]
[Site "Atlantic City USA"]
[Date "2016.10.07"]
[Round "3.10"]
[White "Shankland, Samuel L"]
[Black "Ashwin, Jayaram"]
[Result "1-0"]
[WhiteTitle "GM"]
[BlackTitle "GM"]
[WhiteElo "2679"]
[BlackElo "2468"]
[WhiteFideId "2004887"]
[BlackFideId "5018137"]
[EventDate "2016.10.06"]

1. e4 e6 2. d4 d5 3. Nc3 Bb4 4. e5 c5 5. a3 Ba5 6. b4 cxd4 7. Qg4 Kf8 8. Nb5 Bb6
9. Nf3 Ne7 10. Bd3 Nbc6 11. Bb2 Ng6 12. Qg3 f6 13. Bxg6 hxg6 14. Nbxd4 Nxe5 15.
Nxe5 fxe5 16. Qxe5 Rh5 17. Nxe6+ Bxe6 18. Qxe6 Qe8 19. Qxe8+ Rxe8+ 20. Kd1 Rg5
21. g3 Bxf2 22. Bc1 Rf5 23. Rb1 Re4 24. Rb3 Kf7 25. Bf4 Ke6 26. h4 Bd4 27. Re1
Be5 28. Bxe5 Kxe5 29. Rc3 Rf7 30. Rxe4+ Kxe4 31. Ke2 Kd4 32. Rc8 Ke5 33. Ke3 Kf5
34. Kd4 Kg4 35. Rc3 Rf3 36. Rc7 Rxg3 37. Rxb7 Rxa3 38. Rxg7 Kh5 39. Kxd5 a5 40.
Rh7+ Kg4 41. b5 Rc3 42. Rh6 Kf5 43. h5 Rxc2 44. Rxg6 Rb2 45. Kc4 Rc2+ 46. Kb3
Rh2 47. Rc6 Ke4 48. b6 Rxh5 49. Ka4 Kd5 50. Rc1 Rh2 51. Kxa5 Ra2+ 52. Kb5 Kd6
53. Rd1+ Ke7 54. b7 Rb2+ 55. Kc6 Rc2+ 56. Kb6 Rb2+ 57. Kc7 Rc2+ 58. Kb8 Ra2 59.
Rd4 1-0

[Event "Millionaire Chess Op 2016"]
[Site "Atlantic City USA"]
[Date "2016.10.07"]
[Round "3.11"]
[White "Ivanov, Alexander"]
[Black "Mamedov, Rauf"]
[Result "0-1"]
[WhiteTitle "GM"]
[BlackTitle "GM"]
[WhiteElo "2476"]
[BlackElo "2678"]
[WhiteFideId "2000202"]
[BlackFideId "13401653"]
[EventDate "2016.10.06"]

1. e4 g6 2. d4 Bg7 3. Nc3 a6 4. Nf3 d6 5. Bc4 e6 6. a4 Ne7 7. O-O O-O 8. Re1
Nbc6 9. Be3 d5 10. Bb3 h6 11. exd5 exd5 12. h3 Be6 13. Ne2 Na5 14. Ba2 Nc4 15.
Nf4 Bf5 16. Bc1 Re8 17. c3 c6 18. Nd3 g5 19. Nde5 Nd6 20. Nh2 Qc7 21. Bd2 f6 22.
Neg4 Ng6 23. Ne3 Be6 24. Bb1 f5 25. Bd3 Ne4 26. Bc1 Nxf2 0-1

[Event "Millionaire Chess Op 2016"]
[Site "Atlantic City USA"]
[Date "2016.10.07"]
[Round "3.12"]
[White "Jones, Gawain C B"]
[Black "Boros, Denes"]
[Result "1-0"]
[WhiteTitle "GM"]
[BlackTitle "GM"]
[WhiteElo "2647"]
[BlackElo "2447"]
[WhiteFideId "409561"]
[BlackFideId "722340"]
[EventDate "2016.10.06"]

1. c4 e6 2. g3 d5 3. Bg2 Nf6 4. Nf3 Be7 5. O-O O-O 6. b3 c5 7. e3 Nc6 8. Bb2 d4
9. exd4 cxd4 10. Re1 Re8 11. d3 Bc5 12. Ne5 Nxe5 13. Rxe5 Bd6 14. Bxd4 Bxe5 15.
Bxe5 Nd7 16. Bc3 e5 17. Na3 Nf6 18. Qe1 Bg4 19. Bxb7 Rb8 20. Bg2 Qxd3 21. Nb5
Bf3 22. Qd2 Qxd2 23. Bxd2 Bxg2 24. Kxg2 Re7 25. Be3 a6 26. Nc3 Rd7 27. h3 h6 28.
Kf3 Kf8 29. Ke2 Ke7 30. Rb1 Rdb7 31. Rd1 Rd7 32. Rb1 Rdb7 33. Kd3 Ke6 34. Na4
Nd7 35. Kc3 Rc7 36. Rd1 g5 37. g4 Rc6 38. b4 h5 39. a3 hxg4 40. hxg4 Rh8 41. Kb3
Rd6 42. Rc1 Rh4 43. c5 Rd3+ 44. Kb2 Rh2 45. Rc2 Rxe3 46. fxe3 Rxc2+ 47. Kxc2 Nf6
48. Kd3 Nxg4 49. e4 f5 50. exf5+ Kxf5 51. Nc3 Nf6 52. a4 Ke6 53. Kc4 g4 54. Ne2
Nd5 55. b5 axb5+ 56. axb5 Ne3+ 57. Kb4 Nf5 58. b6 Ne7 59. Kb5 Kd7 60. Ng3 Nc6
61. Ne4 Nd4+ 62. Ka6 Kc6 63. b7 Kc7 64. Ka7 Nc6+ 65. Ka8 Kd7 66. Nf6+ Ke6 67.
Nxg4 Kd5 68. Nf6+ Kxc5 69. Ng4 Kd6 70. Ne3 e4 71. Nf5+ Kc5 72. Ne7 e3 73. Nxc6
e2 74. Ne5 1-0

[Event "Millionaire Chess Op 2016"]
[Site "Atlantic City USA"]
[Date "2016.10.07"]
[Round "4.1"]
[White "Shimanov, Aleksandr"]
[Black "Bruzon Batista, Lazaro"]
[Result "1/2-1/2"]
[WhiteTitle "GM"]
[BlackTitle "GM"]
[WhiteElo "2639"]
[BlackElo "2615"]
[WhiteFideId "4198603"]
[BlackFideId "3503739"]
[EventDate "2016.10.06"]

1. d4 Nf6 2. c4 e6 3. Nf3 d5 4. Nc3 Be7 5. Qc2 O-O 6. Bg5 h6 7. Bxf6 Bxf6 8.
O-O-O g6 9. h4 Bg7 10. e3 Nc6 11. Kb1 a6 12. Ka1 b6 13. Ne5 Nxe5 14. dxe5 Bxe5
15. cxd5 Bxc3 16. Qxc3 exd5 17. e4 c5 18. Rxd5 Qe7 19. f3 Be6 20. Rd1 Rfd8 21.
Rxd8+ Rxd8 22. Be2 a5 23. Qe3 Kh7 24. Kb1 Rd4 25. h5 g5 26. Rd1 Rxd1+ 27. Bxd1
Kg7 28. Qc3+ Kg8 29. Bb3 Bxb3 30. Qxb3 Qd6 31. a4 1/2-1/2

[Event "Millionaire Chess Op 2016"]
[Site "Atlantic City USA"]
[Date "2016.10.07"]
[Round "4.2"]
[White "Sevian, Samuel"]
[Black "Cordova, Emilio"]
[Result "1/2-1/2"]
[WhiteTitle "GM"]
[BlackTitle "GM"]
[WhiteElo "2591"]
[BlackElo "2637"]
[WhiteFideId "2040506"]
[BlackFideId "3801497"]
[EventDate "2016.10.06"]

1. e4 e6 2. d4 d5 3. Nc3 Nf6 4. Bg5 dxe4 5. Nxe4 Nbd7 6. Nxf6+ Nxf6 7. Nf3 h6 8.
Be3 Nd5 9. Bd2 g6 10. c4 Ne7 11. Bc3 Bg7 12. Be2 O-O 13. O-O b6 14. Ne5 Bb7 15.
Bf3 c6 16. a4 a5 17. Qb3 Qc7 18. Rfe1 Rab8 19. Rac1 Ba8 20. Qa3 Rfd8 21. c5 Nf5
22. Nc4 Nxd4 23. cxb6 Qf4 24. Bxa5 c5 25. Bxa8 Ne2+ 26. Rxe2 Qxc1+ 27. Re1 Qxc4
28. b7 Rxa8 29. bxa8=Q Rxa8 30. Bb6 Rxa4 31. Qxc5 Qb3 32. Qc8+ Kh7 33. Qd7 Rb4
34. Be3 Rb7 35. Qd2 Qxb2 36. Qxb2 Rxb2 37. h4 Bf6 38. g3 g5 39. hxg5 hxg5 40.
Kg2 Kg6 41. g4 Rb4 42. Kf3 Be7 43. Rc1 f5 44. gxf5+ Kxf5 45. Rc7 g4+ 46. Kg2 Bd6
47. Rf7+ Kg6 48. Rd7 Be5 49. Rd8 Re4 50. Rg8+ Kf7 51. Ra8 g3 52. Kf3 gxf2 53.
Kxf2 Rh4 54. Ke2 Rh3 55. Ra4 Kf6 56. Bd4 1/2-1/2

[Event "Millionaire Chess Op 2016"]
[Site "Atlantic City USA"]
[Date "2016.10.07"]
[Round "4.3"]
[White "Adhiban, Baskaran"]
[Black "Zherebukh, Yaroslav"]
[Result "1-0"]
[WhiteTitle "GM"]
[BlackTitle "GM"]
[WhiteElo "2689"]
[BlackElo "2612"]
[WhiteFideId "5018471"]
[BlackFideId "14116804"]
[EventDate "2016.10.06"]

1. d4 d5 2. c4 e6 3. Nc3 Be7 4. Nf3 Nf6 5. Bf4 O-O 6. e3 b6 7. cxd5 Nxd5 8. Nxd5
Qxd5 9. Bd3 Qa5+ 10. Nd2 Ba6 11. Bxa6 Nxa6 12. O-O c5 13. Be5 cxd4 14. Bxd4 Qf5
15. Nf3 Nb4 16. Qa4 Rfd8 17. Rac1 Bd6 18. Rfd1 Nd3 19. Rc6 e5 20. Qb5 Nb4 21.
Bxb6 axb6 22. Rcxd6 Rxd6 23. Rxd6 Qb1+ 24. Qf1 Qxb2 25. Rxb6 e4 26. Nd4 h6 27.
Nc6 Qf6 28. Rxb4 Qxc6 29. Rc4 Qd7 30. Rd4 Qc6 31. Rd2 Ra3 32. h3 Rc3 33. Qe2
Rc1+ 34. Rd1 Rc2 35. Rd2 Rc1+ 36. Kh2 Ra1 37. Rd1 Qc7+ 38. g3 1-0

[Event "Millionaire Chess Op 2016"]
[Site "Atlantic City USA"]
[Date "2016.10.07"]
[Round "4.4"]
[White "Akobian, Varuzhan"]
[Black "Shankland, Samuel L"]
[Result "1/2-1/2"]
[WhiteTitle "GM"]
[BlackTitle "GM"]
[WhiteElo "2625"]
[BlackElo "2679"]
[WhiteFideId "13300580"]
[BlackFideId "2004887"]
[EventDate "2016.10.06"]

1. d4 Nf6 2. c4 g6 3. Nc3 d5 4. Bf4 Bg7 5. e3 O-O 6. Rc1 Be6 7. cxd5 Nxd5 8.
Nxd5 Qxd5 9. b3 Qa5+ 10. Qd2 Qxd2+ 11. Kxd2 c6 12. Nf3 Bd5 13. Bd3 Bxf3 14. gxf3
e6 15. b4 a6 16. Bd6 Rd8 17. Be7 Re8 18. Bc5 e5 19. dxe5 Bxe5 20. f4 Bg7 21.
Rhd1 Nd7 22. Ke2 Nxc5 23. Rxc5 Rad8 24. Rc4 Rd5 25. Bc2 Red8 26. Rxd5 Rxd5 27.
f5 gxf5 28. Rc5 Rxc5 29. bxc5 f4 30. Bf5 Bf8 1/2-1/2

[Event "Millionaire Chess Op 2016"]
[Site "Atlantic City USA"]
[Date "2016.10.07"]
[Round "4.5"]
[White "Mamedov, Rauf"]
[Black "Holt, Conrad"]
[Result "1-0"]
[WhiteTitle "GM"]
[BlackTitle "GM"]
[WhiteElo "2678"]
[BlackElo "2549"]
[WhiteFideId "13401653"]
[BlackFideId "2034387"]
[EventDate "2016.10.06"]

1. Nf3 d5 2. g3 Bg4 3. Bg2 Nd7 4. O-O e6 5. h3 Bh5 6. d3 Bd6 7. e4 Ne7 8. Nc3
O-O 9. exd5 Nxd5 10. Ne4 Be7 11. d4 c5 12. c4 N5f6 13. Nxf6+ Bxf6 14. d5 Ne5 15.
g4 Nxf3+ 16. Qxf3 Bg6 17. Qb3 Bd4 18. Be3 Bxe3 19. Qxe3 exd5 20. Bxd5 h5 21.
Rfe1 hxg4 22. hxg4 Qh4 23. Qf4 Bh5 24. Re4 Bg6 25. Re3 Rae8 26. Rae1 Rxe3 27.
Rxe3 b6 28. Kg2 Bh5 29. Rg3 Re8 30. Qf5 Re1 31. Qxh5 1-0

[Event "Millionaire Chess Op 2016"]
[Site "Atlantic City USA"]
[Date "2016.10.07"]
[Round "4.6"]
[White "Chirila, Ioan-Cristian"]
[Black "Iturrizaga Bonelli, Eduardo"]
[Result "1/2-1/2"]
[WhiteTitle "GM"]
[BlackTitle "GM"]
[WhiteElo "2526"]
[BlackElo "2658"]
[WhiteFideId "1211668"]
[BlackFideId "3901211"]
[EventDate "2016.10.06"]

1. d4 Nf6 2. c4 e6 3. Nf3 b6 4. g3 Bb7 5. Bg2 c5 6. d5 exd5 7. Ng5 h6 8. Nh3 Qc7
9. cxd5 d6 10. Nc3 Nbd7 11. O-O a6 12. a4 g6 13. f4 Bg7 14. Nf2 c4 15. e4 O-O
16. Re1 Rfe8 17. Be3 Nc5 18. Qc2 Rab8 19. Qe2 Nb3 20. Rad1 Nd7 21. h4 Ba8 22. h5
b5 23. hxg6 fxg6 24. axb5 axb5 25. e5 b4 26. exd6 Qxd6 27. Nb5 Rxb5 28. Qxc4 Ra5
29. Qxb3 Nf6 30. Bd2 Rb8 31. f5 Bxd5 32. Bxd5+ Qxd5 33. Qxd5+ Nxd5 34. Nd3 gxf5
35. Rf1 Bd4+ 36. Kh1 Ne3 37. Bxe3 Bxe3 38. Rde1 Bg5 39. Re5 Rxe5 40. Nxe5 Rb5
41. Rxf5 b3 42. g4 Rd5 43. Nc4 Rd1+ 44. Kg2 Rd4 45. Na5 Rxg4+ 46. Kf3 Rb4 47.
Rd5 Bf6 48. Rd3 Bxb2 49. Rxb3 1/2-1/2

[Event "Millionaire Chess Op 2016"]
[Site "Atlantic City USA"]
[Date "2016.10.07"]
[Round "4.7"]
[White "Xiong, Jeffery"]
[Black "Chandra, Akshat"]
[Result "1-0"]
[WhiteTitle "GM"]
[BlackTitle "IM"]
[WhiteElo "2647"]
[BlackElo "2490"]
[WhiteFideId "2047640"]
[BlackFideId "25006711"]
[EventDate "2016.10.06"]

1. d4 Nf6 2. Bf4 d5 3. e3 e6 4. Nd2 c5 5. c3 Nc6 6. Ngf3 Bd6 7. Bg3 O-O 8. Bb5
Bxg3 9. hxg3 Qb6 10. a4 h6 11. O-O Ne7 12. b3 Bd7 13. Qe2 Rfc8 14. Rfc1 Nf5 15.
Bd3 Nd6 16. a5 Qd8 17. c4 Nde4 18. Ne5 Be8 19. Ndf3 Qe7 20. Qb2 Rc7 21. cxd5
exd5 22. dxc5 Rxc5 23. b4 Rxc1+ 24. Rxc1 Qd8 25. Nd4 Rc8 26. Nf5 Rxc1+ 27. Qxc1
Qb8 28. Nf3 Qd8 29. N3d4 Nd6 30. Qc5 Nxf5 31. Nxf5 g6 32. Qd6 Bd7 33. Ne7+ Kg7
34. Nxd5 Ne8 35. Qc5 Be6 36. Nf4 b6 37. Qe5+ Qf6 38. Nxe6+ fxe6 39. Qb8 bxa5 40.
Qxe8 1-0

[Event "Millionaire Chess Op 2016"]
[Site "Atlantic City USA"]
[Date "2016.10.07"]
[Round "4.8"]
[White "Shabalov, Alexander"]
[Black "Jones, Gawain C B"]
[Result "0-1"]
[WhiteTitle "GM"]
[BlackTitle "GM"]
[WhiteElo "2550"]
[BlackElo "2647"]
[WhiteFideId "2008572"]
[BlackFideId "409561"]
[EventDate "2016.10.06"]

1. d4 Nf6 2. c4 g6 3. Nc3 Bg7 4. e4 O-O 5. Nge2 d6 6. f3 c5 7. d5 e6 8. Bg5 h6
9. Be3 exd5 10. cxd5 a6 11. a4 Nbd7 12. Qd2 Ne8 13. Nf4 Ne5 14. Be2 Nc7 15. O-O
Bd7 16. a5 Qe8 17. Rac1 Kh7 18. b4 c4 19. Nb1 f5 20. exf5 Bxf5 21. Na3 g5 22.
Ne6 Nxe6 23. dxe6 d5 24. Bc5 Qxe6 25. Bxf8 Rxf8 26. Rfe1 Qf7 27. Kh1 Nd3 28.
Bxd3 Bxd3 29. Re3 Bg6 30. Qe1 Qf4 31. Rd1 d4 32. Re7 c3 33. Qe6 c2 34. Nxc2 Bxc2
35. Qd7 Rg8 36. Rde1 d3 37. R1e3 Kh8 38. h3 Qd4 39. Rxg7 Qxg7 40. Re7 Qxe7 41.
Qxe7 d2 0-1

[Event "Millionaire Chess Op 2016"]
[Site "Atlantic City USA"]
[Date "2016.10.07"]
[Round "4.9"]
[White "Swiercz, Dariusz"]
[Black "Liang, Awonder"]
[Result "1-0"]
[WhiteTitle "GM"]
[BlackTitle "IM"]
[WhiteElo "2636"]
[BlackElo "2478"]
[WhiteFideId "1126881"]
[BlackFideId "2056437"]
[EventDate "2016.10.06"]

1. d4 Nf6 2. c4 g6 3. Nf3 Bg7 4. g3 O-O 5. Bg2 c6 6. O-O d5 7. b3 a5 8. Nc3 Ne4
9. Bb2 Nxc3 10. Bxc3 Nd7 11. a4 Nf6 12. Ne5 Bf5 13. Rc1 h5 14. Bb2 Qd6 15. e3
Rfc8 16. Qe1 Qd8 17. Ba3 Bf8 18. Qe2 Qb6 19. Qa2 Qd8 20. Qb2 Ng4 21. Rfd1 Bg7
22. h3 Nf6 23. Qe2 Be6 24. g4 Qe8 25. f3 Nd7 26. Nd3 f5 27. g5 Bf7 28. f4 Rab8
29. Qe1 Qd8 30. h4 Bf8 31. Qd2 Qb6 32. Qc2 Qd8 33. Qb2 Bg7 34. c5 Ra8 35. Bf1
Ra7 36. Qd2 Rca8 37. Rc2 Be6 38. Rb1 Nf8 39. Be2 Bd7 40. Bb2 Bc8 41. Bc3 Qe8 42.
Bd1 Ne6 43. Rcb2 Nf8 44. b4 axb4 45. Rxb4 Nd7 46. R4b2 Qd8 47. a5 e6 48. Rb3 Bf8
49. Nb2 Be7 50. Be2 Kf8 51. Na4 Rxa5 52. Bxa5 Qxa5 53. Nc3 Bd8 54. Qd1 Kg8 55.
Kf2 Nf8 56. Rb4 Qc7 57. Ra4 Rxa4 58. Nxa4 Nd7 59. Nb6 Nxb6 60. cxb6 Qd6 61. Qa4
Kf7 62. Qa8 Qd7 63. Qb8 Be7 64. Qa8 Bd6 65. Rc1 Ke7 66. Qa5 Kd8 67. Ra1 Qe7 68.
Qc3 Bb4 69. Qb2 Bd6 70. Ra8 Qd7 71. Qa1 Ke7 72. Qc1 Kd8 73. Qd1 c5 74. Bxh5 cxd4
75. Qxd4 e5 76. fxe5 Be7 77. Bf3 f4 78. Qxd5 1-0